[Event "Budapest FS04 Nadassy"]
[Site "Budapest"]
[Date "2022.04.08"]
[Round "6.1"]
[White "Hocevar, Nikola"]
[Black "Hradeczky, Tamas"]
[Result "1/2-1/2"]
[WhiteElo "1842"]
[BlackElo "1900"]
[PlyCount "83"]
[EventDate "2022.04.02"]
[EventType "schev"]
[EventRounds "9"]
[EventCountry "HUN"]
[SourceTitle "EXT 2023"]
[Source "ChessBase"]
[SourceDate "2022.10.05"]
[SourceVersion "1"]
[SourceVersionDate "2022.10.05"]
[SourceQuality "1"]
[WhiteTeam "Lower Elo"]
[BlackTeam "Higher Elo"]
[WhiteTeamCountry "HUN"]
[BlackTeamCountry "HUN"]

1. d4 Nf6 2. Nf3 g6 3. c4 Bg7 4. Nc3 d6 5. e4 0-0 6. Be2 e5 7. h3 Nbd7 8. 0-0 Re8 9. dxe5 dxe5 10. Be3 c6 11. Qc2 Qe7 12. Ne1 Nc5 13. Rd1 Ne6 14. Qc1 Bd7 15. Nc2 c5 16. Nd5 Nxd5 17. cxd5 Nd4 18. Rfe1 b6 19. Bf1 Rf8 20. Nxd4 cxd4 21. Bh6 Rfc8 22. Qd2 Bxh6 23. Qxh6 Rc2 24. Rd2 Qb4 25. Ree2 Rxd2 26. Qxd2 Qxd2 27. Rxd2 Rc8 28. f3 Kf8 29. Kf2 Ke7 30. Bd3 Kd6 31. Ke2 Rc1 32. Rd1 Rc7 33. Kd2 f5 34. h4 a5 35. a3 f4 36. Rc1 Rxc1 37. Kxc1 Ke7 38. b4 axb4 39. axb4 b5 40. Kd2 Kf6 41. Ke2 h6 42. Kf2 1/2-1/2

[Event "Budapest FS04 Nadassy"]
[Site "Budapest"]
[Date "2022.04.05"]
[Round "4.1"]
[White "Hocevar, Nikola"]
[Black "Farago, Sandor"]
[Result "0-1"]
[WhiteElo "1842"]
[BlackElo "2135"]
[PlyCount "72"]
[EventDate "2022.04.02"]
[EventType "schev"]
[EventRounds "9"]
[EventCountry "HUN"]
[SourceTitle "EXT 2023"]
[Source "ChessBase"]
[SourceDate "2022.10.05"]
[SourceVersion "1"]
[SourceVersionDate "2022.10.05"]
[SourceQuality "1"]
[WhiteTeam "Lower Elo"]
[BlackTeam "Higher Elo"]
[WhiteTeamCountry "HUN"]
[BlackTeamCountry "HUN"]

1. Nf3 Nf6 2. d4 d6 3. Bf4 g6 4. h3 Bg7 5. e3 Nbd7 6. Bd3 0-0 7. 0-0 Qe8 8. e4 e5 9. dxe5 dxe5 10. Bh2 Nh5 11. Nc3 c6 12. Re1 Qe7 13. Qd2 b5 14. Bf1 Bb7 15. Rad1 Rfd8 16. Qe3 Bf8 17. a3 f6 18. Rd2 Ng7 19. Red1 Ne6 20. Ne2 Nb6 21. Rxd8 Nxd8 22. Nc1 Nf7 23. Nd2 Na4 24. Qb3 Nc5 25. Qa2 Rd8 26. Be2 Bh6 27. Ncb3 Ne6 28. Qb1 a6 29. Nf1 Nd6 30. f3 c5 31. Na5 Ba8 32. c4 Nd4 33. Bd3 Qc7 34. b4 cxb4 35. axb4 bxc4 36. Rc1 Bxc1 0-1

[Event "Nova Gorica op 25th"]
[Site "Nova Gorica"]
[Date "2020.01.28"]
[Round "7"]
[White "Hocevar, Nikola"]
[Black "Urh, Zala"]
[Result "0-1"]
[WhiteElo "1864"]
[BlackElo "2199"]
[PlyCount "56"]
[EventDate "2020.01.24"]
[EventType "swiss"]
[EventRounds "9"]
[EventCountry "SLO"]
[SourceTitle "CBM 194"]
[Source "ChessBase"]
[SourceDate "2020.01.27"]
[SourceVersion "1"]
[SourceVersionDate "2020.01.27"]
[SourceQuality "1"]

1. d4 Nf6 2. c4 e6 3. Nc3 Bb4 4. e3 0-0 5. Nge2 Re8 6. a3 Bf8 7. e4 d5 8. e5 Nfd7 9. cxd5 exd5 10. Nxd5 c5 11. Be3 cxd4 12. Nxd4 Nxe5 13. Nb5 Bg4 14. Qd2 Na6 15. h3 Bh5 16. Nbc3 Nc5 17. Ra2 Nb3 18. Qc2 Nd4 19. Qa4 Ndf3+ 20. Kd1 Rc8 21. Kc1 Ne1 22. Qb3 N1d3+ 23. Bxd3 Nxd3+ 24. Kd2 Nc5 25. Qb5 a6 26. Qb6 Qd7 27. Rc1 Rc6 28. Qa5 Nb3+ 0-1

[Event "Arco op 41st"]
[Site "Arco"]
[Date "2019.10.09"]
[Round "6"]
[White "Calcari, Manuel"]
[Black "Hocevar, Nikola"]
[Result "1/2-1/2"]
[WhiteElo "1701"]
[BlackElo "1864"]
[PlyCount "32"]
[EventDate "2019.10.04"]
[EventType "swiss"]
[EventRounds "9"]
[EventCountry "ITA"]
[SourceTitle "EXT 2020"]
[Source "ChessBase"]
[SourceDate "2019.10.17"]
[SourceVersion "1"]
[SourceVersionDate "2019.10.17"]
[SourceQuality "1"]

1. e4 c5 2. Nf3 g6 3. Bc4 Bg7 4. c3 d6 5. 0-0 Nf6 6. Re1 0-0 7. d4 Nc6 8. h3 e6 9. Bg5 h6 10. Bh4 d5 11. Bxd5 exd5 12. e5 cxd4 13. exf6 Bxf6 14. Bxf6 Qxf6 15. Nxd4 Nxd4 16. Qxd4 Qxd4 1/2-1/2

[Event "Arco op 41st"]
[Site "Arco"]
[Date "2019.10.08"]
[Round "5"]
[White "Hocevar, Nikola"]
[Black "Trauth, Michael"]
[Result "0-1"]
[WhiteElo "1864"]
[BlackElo "2073"]
[PlyCount "70"]
[EventDate "2019.10.04"]
[EventType "swiss"]
[EventRounds "9"]
[EventCountry "ITA"]
[SourceTitle "EXT 2020"]
[Source "ChessBase"]
[SourceDate "2019.10.17"]
[SourceVersion "1"]
[SourceVersionDate "2019.10.17"]
[SourceQuality "1"]

1. b4 c5 2. b5 a6 3. e3 axb5 4. Bxb5 Nf6 5. Nf3 g6 6. Bb2 Bg7 7. 0-0 0-0 8. d3 d5 9. Nbd2 Bd7 10. a4 Nc6 11. Nb3 b6 12. c4 Nb4 13. Bc3 Bxb5 14. axb5 dxc4 15. dxc4 Ne4 16. Rxa8 Qxa8 17. Bxg7 Kxg7 18. Qa1+ f6 19. Qxa8 Rxa8 20. Ra1 Rd8 21. Kf1 Rd3 22. Rb1 Nc3 23. Ra1 Ne4 24. Rb1 g5 25. h3 h5 26. g4 hxg4 27. hxg4 f5 28. Kg2 fxg4 29. Ne5 Rc3 30. Nxg4 Rxc4 31. Kf3 Nc3 32. Rb2 Nxb5 33. Ne5 Rc3 34. Nd7 Nd3 35. Rb1 Na3 0-1

[Event "Litomysl op 20th"]
[Site "Litomysl"]
[Date "2018.12.29"]
[Round "6"]
[White "Hocevar, Nikola"]
[Black "Sacharewicz, Krzysztof"]
[Result "1/2-1/2"]
[WhiteElo "1925"]
[BlackElo "1833"]
[PlyCount "104"]
[EventDate "2018.12.26"]
[EventType "swiss"]
[EventRounds "9"]
[EventCountry "CZE"]
[SourceTitle "CBM 188 Extra"]
[Source "ChessBase"]
[SourceDate "2019.02.26"]
[SourceVersion "1"]
[SourceVersionDate "2019.02.26"]
[SourceQuality "1"]

1. d4 Nf6 2. Nf3 c5 3. e3 e6 4. c3 d5 5. Nbd2 Nbd7 6. Bd3 c4 7. Bc2 b5 8. e4 Nb6 9. e5 Nfd7 10. 0-0 b4 11. cxb4 Bxb4 12. a3 Be7 13. Nb1 Ba6 14. Nc3 Qc7 15. Ne1 0-0-0 16. f4 g6 17. Be3 f5 18. g4 Kb8 19. Rf2 Rdg8 20. g5 h6 21. h4 hxg5 22. hxg5 Rh3 23. Rf3 Rh5 24. Rg3 Rgh8 25. Qf3 Qd8 26. Kf2 Rh1 27. Rd1 Na8 28. Rg1 R1h2+ 29. Rg2 R2h4 30. Qe2 Nc7 31. Nf3 R4h7 32. Ba4 Nb6 33. Bc2 Nb5 34. Bd2 Qd7 35. Rgg1 Nxc3 36. Bxc3 Na4 37. Bxa4 Qxa4 38. Rc1 Qe8 39. Kg2 Bb5 40. Rh1 Qf7 41. Qf2 Bd8 42. Rh4 Rxh4 43. Nxh4 Qh7 44. Rh1 Qh5 45. Qf3 Qxf3+ 46. Nxf3 Rxh1 47. Kxh1 Kb7 48. Kg2 Ka6 49. Kf2 Ba5 50. Be1 Be8 51. Ke2 Bb6 52. Bc3 Kb5 1/2-1/2

[Event "Maribor Pirc Memorial op 20th"]
[Site "Maribor"]
[Date "2017.06.28"]
[Round "5"]
[White "Hocevar, Nikola"]
[Black "Paternoster, Janez"]
[Result "1/2-1/2"]
[WhiteElo "1948"]
[BlackElo "1413"]
[PlyCount "132"]
[EventDate "2017.06.24"]
[EventType "swiss"]
[EventRounds "9"]
[EventCountry "SLO"]
[SourceTitle "CBM 179 Extra"]
[Source "ChessBase"]
[SourceDate "2017.08.23"]
[SourceVersion "1"]
[SourceVersionDate "2017.08.23"]
[SourceQuality "1"]

1. c4 c6 2. e4 d5 3. exd5 cxd5 4. d4 Nf6 5. Nc3 e6 6. Nf3 Nc6 7. Be2 Bd6 8. 0-0 0-0 9. Re1 h6 10. Bf1 Bd7 11. c5 Bc7 12. Rb1 a5 13. Nb5 b6 14. cxb6 Bxb6 15. Bf4 Na7 16. Nc3 Bc7 17. Qd2 Rc8 18. Bd3 Bxf4 19. Qxf4 Qc7 20. Qh4 Qb6 21. g4 Qd8 22. Qg3 Qc7 23. Ne5 Nc6 24. g5 Nxe5 25. gxf6 Ng6 26. Re5 Be8 27. fxg7 Kxg7 28. Bxg6 fxg6 29. Rxe6 Qxg3+ 30. hxg3 Bf7 31. Ra6 Ra8 32. Rd6 Rfd8 33. Rxd8 Rxd8 34. Na4 Rb8 35. b3 g5 36. Re1 Rb5 37. Rd1 Kf6 38. f3 h5 39. Nc5 Be6 40. Kf2 Bf5 41. Rd2 h4 42. a3 Rb8 43. Re2 Rh8 44. g4 Bc8 45. Kg2 Rh7 46. Re8 Bb7 47. Rb8 Bc6 48. Rb6 Rc7 49. b4 axb4 50. axb4 Kf7 51. b5 Bd7 52. Rd6 Bxb5 53. Rxd5 Be2 54. Rxg5 Ra7 55. Rf5+ Kg6 56. Ne6 h3+ 57. Kxh3 Bf1+ 58. Kg3 Ra2 59. Nf4+ Kg7 60. Rd5 Bc4 61. Rc5 Bf7 62. Rc7 Kf6 63. g5+ Kxg5 64. Rxf7 Rd2 65. d5 Rd1 66. Rf5+ Kxf5 1/2-1/2

[Event "Wch Seniors 65 26th"]
[Site "Marianske Lazne"]
[Date "2016.11.23"]
[Round "5"]
[White "Hocevar, Nikola"]
[Black "Hoeschele, Hans Ulrich"]
[Result "1/2-1/2"]
[WhiteElo "1910"]
[BlackElo "2057"]
[PlyCount "42"]
[EventDate "2016.11.19"]
[EventType "swiss"]
[EventRounds "11"]
[EventCountry "CZE"]
[SourceTitle "CBM 175 Extra"]
[Source "ChessBase"]
[SourceDate "2016.12.12"]
[SourceVersion "1"]
[SourceVersionDate "2016.12.12"]
[SourceQuality "1"]

1. Nf3 d5 2. c4 e6 3. e3 Nf6 4. Nc3 c6 5. d4 Be7 6. Be2 Nbd7 7. 0-0 dxc4 8. Bxc4 b5 9. Be2 Bb7 10. a3 0-0 11. e4 b4 12. axb4 Bxb4 13. e5 Nd5 14. Nxd5 cxd5 15. Qb3 Qb6 16. Bd2 Bxd2 17. Qxb6 Nxb6 18. Nxd2 Rfc8 19. Rfc1 Kf8 20. Kf1 Ke7 21. Ke1 Kd8 1/2-1/2

[Event "Budapest FS05 FM-A"]
[Site "Budapest"]
[Date "2015.05.11"]
[Round "9"]
[White "Hocevar, Nikola"]
[Black "Terbe, Zsuzsanna"]
[Result "0-1"]
[WhiteElo "1916"]
[BlackElo "2123"]
[PlyCount "58"]
[EventDate "2015.05.02"]
[EventType "tourn"]
[EventRounds "9"]
[EventCountry "HUN"]
[SourceTitle "CBM 166 Extra"]
[Source "ChessBase"]
[SourceDate "2015.06.18"]
[SourceVersion "1"]
[SourceVersionDate "2015.06.18"]
[SourceQuality "1"]

1. d4 d5 2. Nf3 Nf6 3. Nbd2 c5 4. e3 Nc6 5. c3 Bg4 6. Qa4 Nd7 7. dxc5 Bxf3 8. Nxf3 Nxc5 9. Qd1 a6 10. c4 dxc4 11. Bxc4 Qxd1+ 12. Kxd1 b5 13. Be2 Ne4 14. Rf1 Rd8+ 15. Nd2 Ne5 16. f4 Nc4 17. Bxc4 bxc4 18. Kc2 Nd6 19. e4 Rc8 20. a4 e6 21. Rf3 Nb7 22. e5 Bb4 23. Ne4 Ke7 24. Be3 Rhd8 25. Bb6 Rd7 26. Rd1 Rxd1 27. Kxd1 Rc6 28. Bf2 Na5 29. Kc2 Nb3 0-1

[Event "Budapest FS05 FM-A"]
[Site "Budapest"]
[Date "2015.05.09"]
[Round "7"]
[White "Hocevar, Nikola"]
[Black "Tugstumur, Yesuntumur"]
[Result "0-1"]
[WhiteElo "1916"]
[BlackElo "1804"]
[PlyCount "62"]
[EventDate "2015.05.02"]
[EventType "tourn"]
[EventRounds "9"]
[EventCountry "HUN"]
[SourceTitle "CBM 166 Extra"]
[Source "ChessBase"]
[SourceDate "2015.06.18"]
[SourceVersion "1"]
[SourceVersionDate "2015.06.18"]
[SourceQuality "1"]

1. Nf3 Nf6 2. b3 d5 3. Bb2 e6 4. g3 Bd6 5. d4 Nbd7 6. Bg2 c6 7. 0-0 0-0 8. Nbd2 b5 9. c4 bxc4 10. bxc4 Rb8 11. Qc2 Ba6 12. c5 Bc7 13. Rfe1 Nh5 14. Ne5 Nxe5 15. dxe5 g6 16. e3 Bd3 17. Qc1 Qe7 18. Nb3 Bc4 19. Nd2 Ba5 20. Bc3 Bxc3 21. Qxc3 Qxc5 22. Bf1 Rfd8 23. Rab1 Rb5 24. a4 Bxf1 25. Qxc5 Rxc5 26. Kxf1 Rc2 27. Ke2 d4 28. Kd3 Rc3+ 29. Ke4 dxe3 30. Rxe3 Rc2 31. Nf3 Rc4+ 0-1

[Event "Budapest FS10 FM-A"]
[Site "Budapest"]
[Date "2014.10.08"]
[Round "5"]
[White "Lukacs, Albert"]
[Black "Hocevar, Nikola"]
[Result "1-0"]
[WhiteElo "1927"]
[BlackElo "1964"]
[PlyCount "81"]
[EventDate "2014.10.04"]
[EventType "tourn"]
[EventRounds "9"]
[EventCountry "HUN"]
[SourceTitle "CBM 162 Extra"]
[Source "ChessBase"]
[SourceDate "2014.10.17"]
[SourceVersion "1"]
[SourceVersionDate "2014.10.17"]
[SourceQuality "1"]

1. e4 c5 2. Nf3 g6 3. Bc4 Bg7 4. 0-0 Nc6 5. Nc3 d6 6. h3 Nf6 7. Re1 0-0 8. d3 Na5 9. e5 dxe5 10. Nxe5 Nxc4 11. Nxc4 Be6 12. Bg5 Bxc4 13. dxc4 Qxd1 14. Raxd1 e6 15. Rd3 h6 16. Bf4 Rfc8 17. Red1 g5 18. Bc1 Kf8 19. h4 g4 20. Bf4 Ne8 21. Rd7 b6 22. Nb5 e5 23. Bc1 a6 24. Nc3 Rc7 25. Rxc7 Nxc7 26. Rd6 b5 27. Bxh6 Bxh6 28. Rxh6 Ke7 29. Rc6 Ne6 30. Nd5+ Kf8 31. Ne3 bxc4 32. Nxc4 e4 33. Ne3 g3 34. fxg3 a5 35. Kf1 a4 36. Ke1 Rb8 37. b3 axb3 38. axb3 Ke7 39. Nf5+ Kd7 40. Rd6+ Kc7 41. Ra6 1-0

[Event "Budapest FS10 FM-A"]
[Site "Budapest"]
[Date "2014.10.07"]
[Round "4"]
[White "Hocevar, Nikola"]
[Black "Nagy, Laszlo"]
[Result "0-1"]
[WhiteElo "1964"]
[BlackElo "1868"]
[PlyCount "82"]
[EventDate "2014.10.04"]
[EventType "tourn"]
[EventRounds "9"]
[EventCountry "HUN"]
[SourceTitle "CBM 162 Extra"]
[Source "ChessBase"]
[SourceDate "2014.10.17"]
[SourceVersion "1"]
[SourceVersionDate "2014.10.17"]
[SourceQuality "1"]

1. c4 c6 2. e4 d5 3. exd5 cxd5 4. d4 Nf6 5. Nc3 g6 6. Nf3 Bg7 7. c5 0-0 8. Be2 Nc6 9. 0-0 b6 10. Bb5 Bb7 11. Bxc6 Bxc6 12. Ne5 Rc8 13. b4 Bb7 14. Be3 Ne4 15. Rc1 bxc5 16. Nxe4 cxd4 17. Rxc8 Qxc8 18. Qxd4 dxe4 19. Bf4 Qa8 20. Qc5 f6 21. Ng4 e5 22. Be3 h5 23. Nh6+ Kh7 24. Qe7 Re8 25. Qf7 Bd5 26. Qc7 Qb7 27. Qxb7 Bxb7 28. Nf7 Bf8 29. Bc5 Bd5 30. Nd6 Rd8 31. Nb5 Bc4 32. Bxf8 Bxf1 33. Kxf1 Rxf8 34. Nd6 Rd8 35. Nxe4 Rd4 36. Nxf6+ Kg7 37. Ne8+ Kf7 38. Nc7 Rxb4 39. a3 Ra4 40. Nb5 a6 41. Nd6+ Ke6 0-1

[Event "Budapest FS10 FM-A"]
[Site "Budapest"]
[Date "2014.10.06"]
[Round "3"]
[White "Hocevar, Nikola"]
[Black "Tran, Minh Thang"]
[Result "0-1"]
[WhiteElo "1964"]
[BlackElo "2053"]
[PlyCount "116"]
[EventDate "2014.10.04"]
[EventType "tourn"]
[EventRounds "9"]
[EventCountry "HUN"]
[SourceTitle "CBM 162 Extra"]
[Source "ChessBase"]
[SourceDate "2014.10.17"]
[SourceVersion "1"]
[SourceVersionDate "2014.10.17"]
[SourceQuality "1"]

1. d4 Nf6 2. Nf3 e6 3. e3 c5 4. Bd3 b6 5. Nbd2 Bb7 6. c3 Nc6 7. 0-0 Qc7 8. b3 Be7 9. Bb2 d5 10. Rc1 0-0 11. c4 Rfd8 12. Qe2 dxc4 13. bxc4 Rd7 14. Rfd1 Rad8 15. Nb3 h6 16. Bb1 cxd4 17. exd4 Qf4 18. Qe3 Qb8 19. h3 a5 20. Nbd2 Ba8 21. Ne4 Nh5 22. Bc2 b5 23. c5 Nf4 24. Ng3 Nb4 25. Bb1 Nxg2 26. Kxg2 Nd5 27. Qe5 Nf4+ 28. Kh2 Bxf3 29. Qxb8 Rxb8 30. Re1 Rc8 31. Ne4 f5 32. Nd6 Bxd6 33. cxd6 Rxc1 34. Rxc1 Bd5 35. Rc8+ Kh7 36. Rb8 Rxd6 37. Rxb5 a4 38. Ba3 Rd8 39. Bc5 Kg6 40. Bc2 Bxa2 41. Bxa4 Ra8 42. Bd1 Bc4 43. Rb2 Bd5 44. Bd6 Ra1 45. Rd2 Nh5 46. Be5 Nf6 47. f3 Kf7 48. h4 Nd7 49. f4 Nf6 50. Bxf6 Kxf6 51. Kg3 g5 52. hxg5+ hxg5 53. fxg5+ Kxg5 54. Be2 Rg1+ 55. Kf2 Rg2+ 56. Ke1 Kf4 57. Rd1 Rxe2+ 58. Kxe2 Bf3+ 0-1

[Event "Ptuj op"]
[Site "Ptuj"]
[Date "2014.08.20"]
[Round "7"]
[White "Hocevar, Nikola"]
[Black "Bohak, Janko"]
[Result "1/2-1/2"]
[WhiteElo "2009"]
[BlackElo "2016"]
[PlyCount "114"]
[EventDate "2014.08.15"]
[EventType "swiss"]
[EventRounds "9"]
[EventCountry "SLO"]
[SourceTitle "CBM 161 Extra"]
[Source "ChessBase"]
[SourceDate "2014.08.29"]
[SourceVersion "1"]
[SourceVersionDate "2014.08.29"]
[SourceQuality "1"]

1. d4 Nf6 2. Nc3 g6 3. e4 d6 4. f3 Bg7 5. Be3 Nbd7 6. Bc4 c6 7. a4 Qa5 8. Nge2 0-0 9. 0-0 c5 10. Rb1 a6 11. Bd3 Qb4 12. b3 cxd4 13. Bxd4 Ne5 14. Na2 Qa5 15. Nec3 Nxd3 16. Qxd3 Be6 17. b4 Qc7 18. Rf2 Rac8 19. Nd5 Nxd5 20. exd5 Bf5 21. Qe3 Bxd4 22. Qxd4 Qc4 23. Qxc4 Rxc4 24. Re1 Rfc8 25. c3 Kf8 26. a5 R8c7 27. g4 Bd7 28. Rd2 g5 29. Kf2 Ba4 30. Rb2 Kg7 31. h3 Kf6 32. Re3 Rc8 33. Ke1 R4c7 34. Kd2 Bb5 35. Nc1 Bc4 36. Ne2 Bxd5 37. Ng3 e6 38. Rb1 Rc4 39. Rh1 Kg6 40. h4 h6 41. hxg5 hxg5 42. Rh5 Rf4 43. Ke2 Bc4+ 44. Kf2 f5 45. gxf5+ exf5 46. Rh1 Rh4 47. Rd1 Rc6 48. Re7 Rh2+ 49. Kg1 Rc2 50. Rxb7 Rxc3 51. Rb6 Bb5 52. Rxd6+ Rxd6 53. Rxd6+ Kf7 54. Nxf5 Rxf3 55. Nd4 Rf1+ 56. Kg2 Rb1 57. Nxb5 axb5 1/2-1/2

[Event "Ptuj op"]
[Site "Ptuj"]
[Date "2014.08.19"]
[Round "6"]
[White "Rozman, Monika"]
[Black "Hocevar, Nikola"]
[Result "1-0"]
[WhiteElo "1886"]
[BlackElo "2009"]
[PlyCount "107"]
[EventDate "2014.08.15"]
[EventType "swiss"]
[EventRounds "9"]
[EventCountry "SLO"]
[SourceTitle "CBM 161 Extra"]
[Source "ChessBase"]
[SourceDate "2014.08.29"]
[SourceVersion "1"]
[SourceVersionDate "2014.08.29"]
[SourceQuality "1"]

1. e4 c5 2. Nc3 g6 3. f4 Bg7 4. Nf3 Nc6 5. d3 d6 6. g3 e6 7. Bg2 Nge7 8. 0-0 0-0 9. Qe1 Nd4 10. Rf2 Rb8 11. Nd1 d5 12. c3 Nxf3+ 13. Rxf3 d4 14. g4 f5 15. g5 e5 16. fxe5 fxe4 17. Rxf8+ Qxf8 18. Bxe4 Bf5 19. Bf4 Rd8 20. c4 Qf7 21. Nf2 Rf8 22. Bg3 Qe6 23. Bg2 Kh8 24. Qe2 Nc6 25. Re1 Re8 26. Bd5 Qe7 27. Bxc6 bxc6 28. h4 Qe6 29. Ne4 Bxe4 30. Qxe4 Rf8 31. Kg2 Kg8 32. Qe2 Rf5 33. Qd2 Rf7 34. Re4 Rf5 35. Qa5 Bf8 36. Qxa7 Rf7 37. Qa4 h6 38. Qd1 hxg5 39. hxg5 Be7 40. Qg4 Rf5 41. Re1 Rf2+ 42. Kh3 Qxg4+ 43. Kxg4 Rxb2 44. a4 Rb3 45. Ra1 Rb6 46. e6 Bf8 47. a5 Ra6 48. Bc7 Be7 49. Rf1 Ra8 50. Rf7 Re8 51. a6 Bd8 52. a7 Bxc7 53. Rxc7 Ra8 54. Rb7 1-0

[Event "Ptuj op"]
[Site "Ptuj"]
[Date "2014.08.16"]
[Round "2"]
[White "Janzelj, Tim"]
[Black "Hocevar, Nikola"]
[Result "1-0"]
[WhiteElo "2316"]
[BlackElo "2009"]
[PlyCount "85"]
[EventDate "2014.08.15"]
[EventType "swiss"]
[EventRounds "9"]
[EventCountry "SLO"]
[SourceTitle "CBM 161 Extra"]
[Source "ChessBase"]
[SourceDate "2014.08.29"]
[SourceVersion "1"]
[SourceVersionDate "2014.08.29"]
[SourceQuality "1"]

1. d4 d5 2. c4 c6 3. Nc3 a6 4. e4 dxe4 5. Nxe4 g6 6. Be3 Bg7 7. Qd2 Nd7 8. Nc3 Ngf6 9. Bh6 0-0 10. Bxg7 Kxg7 11. Nf3 Qa5 12. Be2 e5 13. 0-0 exd4 14. Qxd4 Qc5 15. Rad1 Re8 16. Rfe1 Qxd4 17. Nxd4 Nc5 18. b4 Ne6 19. Nb3 Nf4 20. Bf1 Bf5 21. Nc5 Rxe1 22. Rxe1 b6 23. Nb7 Bd3 24. Nd6 Rd8 25. c5 bxc5 26. bxc5 Bxf1 27. Kxf1 Kf8 28. Rb1 Nd3 29. Rb6 Nxc5 30. Rxc6 Nfd7 31. Ke2 Rb8 32. g4 Rb2+ 33. Ke3 a5 34. g5 Ne6 35. h4 Ne5 36. Ra6 Ng4+ 37. Kf3 Ne5+ 38. Kg3 Rc2 39. Nd5 Rc6 40. Ra8+ Kg7 41. Ne8+ Kg8 42. Nef6+ Kg7 43. Rg8# 1-0

[Event "Ptuj op"]
[Site "Ptuj"]
[Date "2014.08.15"]
[Round "1"]
[White "Hocevar, Nikola"]
[Black "Meglic, Jaka"]
[Result "1-0"]
[WhiteElo "2009"]
[BlackElo "1670"]
[PlyCount "119"]
[EventDate "2014.08.15"]
[EventType "swiss"]
[EventRounds "9"]
[EventCountry "SLO"]
[SourceTitle "CBM 161 Extra"]
[Source "ChessBase"]
[SourceDate "2014.08.29"]
[SourceVersion "1"]
[SourceVersionDate "2014.08.29"]
[SourceQuality "1"]

1. d4 Nf6 2. Nf3 e6 3. e3 b6 4. Nbd2 Bb7 5. Bd3 Be7 6. 0-0 0-0 7. Re1 d6 8. b3 Nbd7 9. Bb2 c5 10. c4 Qc7 11. Qc2 h6 12. Rad1 Rad8 13. Qc3 Rfe8 14. Bb1 Bf8 15. e4 e5 16. d5 Nb8 17. Nf1 Bc8 18. Ne3 Be7 19. Nf5 Nh7 20. h3 Bg5 21. Nxg5 Nxg5 22. f4 Nh7 23. fxe5 dxe5 24. d6 Qc6 25. Ne7+ Rxe7 26. dxe7 Re8 27. Rd8 Nf6 28. Qxe5 Nbd7 29. Rxe8+ Nxe8 30. Qd5 Qxd5 31. exd5 a5 32. Be5 Nxe5 33. Rxe5 g6 34. d6 Bd7 35. Rd5 Kg7 36. Kf2 f6 37. h4 h5 38. Be4 f5 39. Bf3 Kf6 40. Rd2 Ke6 41. Bd5+ Kxd6 42. Bf7+ Kxe7 43. Bxe8 Bxe8 44. Ke3 Bc6 45. g3 Be4 46. Kf4 Bb1 47. Ke5 Kf7 48. Rd7+ Ke8 49. Rd6 Bxa2 50. Rxb6 Kd7 51. Kd5 Kc7 52. Rb5 Bb1 53. Rxc5+ Kb6 54. Rb5+ Ka6 55. Ke5 Bd3 56. Kf4 a4 57. bxa4 Bxc4 58. Rc5 Be2 59. a5 Bg4 60. Kg5 1-0